000 00519nam a2200121Ia 4500
008 220615s9999||||xx |||||||||||||| ||und||
100 _aHasan Basri Ila||Erman Salih Istifli
245 0 _aCytotoxicity - Definition, Identification, and Cytotoxic Compounds
546 _aEnglish[eng]
650 _aToxicology||Toxicology and Pharmaceutical Science||Pharmacology||Medical Toxicology||Health Sciences
856 _uhttps://www.intechopen.com/books/cytotoxicity-definition-identification-and-cytotoxic-compounds
942 _cEB
999 _c7656
_d7656